| 000 | 01187cam a22003497i 4500 | ||
|---|---|---|---|
| 001 | 19102080 | ||
| 003 | NUST | ||
| 005 | 20230314160401.0 | ||
| 008 | 160520s2018 at b 001 0 eng | ||
| 010 | _a 2016942336 | ||
| 020 | _a9781305970939 | ||
| 038 | _aazhar | ||
| 040 |
_aDLC _beng _erda _cDLC _dDLC |
||
| 042 | _apcc | ||
| 050 | 0 | 0 |
_aTA710 _b.D264 2018 |
| 082 | 0 | 0 |
_a624 _223 _bDAS |
| 100 | 1 |
_aDas, Braja M., _d1941- _eauthor. _9891 |
|
| 245 | 1 | 0 |
_aPrinciples of geotechnical engineering / _cBraja M. Das, Dean Emeritus, California State University, Sacramento, Khaled Sobhan, Florida Atlantic University. |
| 250 | _aNinth Edition. | ||
| 264 | 1 |
_aAustralia : _bCengage Learning, _c[2018] |
|
| 300 |
_axxiii, 819 pages ; _c24 cm |
||
| 336 |
_atext _btxt _2rdacontent |
||
| 337 |
_aunmediated _bn _2rdamedia |
||
| 338 |
_avolume _bnc _2rdacarrier |
||
| 504 | _aIncludes bibliographical references and index. | ||
| 650 | 0 |
_aSoil mechanics. _9558 |
|
| 650 | 0 |
_aGeotechnical engineering. _9979 |
|
| 700 | 1 |
_aSobhan, Khaled, _eco-author. _914805 |
|
| 906 |
_a7 _bcbc _corignew _d2 _eepcn _f20 _gy-gencatlg |
||
| 942 |
_2ddc _cBK |
||
| 999 |
_c523976 _d523976 |
||